טוען...

Swathanthrya samara senanikalude thiranjedutha prasangangal

מידע ביבליוגרפי
מחבר ראשי: Rejikumar, J,Ed
פורמט: Printed Book
יצא לאור: Thiruvananthapuram Kerala State Archives 2016
LEADER 00429nam a22001097a 4500
082 |a 894.8125  |b REJ.S.3 
100 |a Rejikumar, J,Ed. 
245 |a Swathanthrya samara senanikalude thiranjedutha prasangangal 
260 |a Thiruvananthapuram  |b Kerala State Archives   |c 2016 
942 |c BK 
999 |c 23252  |d 23252 
952 |0 0  |1 0  |4 0  |6 894_812500000000000_REJ_S_3  |7 0  |9 25896  |a CAMPUS  |b CAMPUS  |d 2018-06-30  |l 0  |o 894.8125 REJ.S.3  |p 26145  |r 2018-06-30  |w 2018-06-30  |y BK